| 000 | 01815cam a22004457a 4500 | ||
|---|---|---|---|
| 003 | CHAP | ||
| 005 | 20220329142821.0 | ||
| 008 | 040331s2003 mx ad r 00010 spa d | ||
| 010 | _a88204 | ||
| 011 | _a89176 | ||
| 035 | _a99727 | ||
| 040 | _cCHAP | ||
| 090 | _aTesis | ||
| 100 | 0 | 0 |
_aMartínez Morales, Ubalda. _972313 |
| 245 | 1 | 0 |
_aEfectividad de estrobilurinas e inhibidores del ergosterol para el control de la cenicilla en rosal Sphaerotheca pannosa (var.) rosae en Santa María, Villa Guerrero, Edo. de Méx. _c/por Ubalda Martínez Morales |
| 260 |
_aChapingo, Méx. : _bEl autor, _c2003 |
||
| 300 |
_a47 h. : _bilus. ; gráfs. ; cuadros |
||
| 502 | _aTesis (Ing. Agr. Esp. en Parasitología Agrícola) -- UACH. Departamento de Parasitología Agrícola | ||
| 530 | _aTambién disponible en línea | ||
| 590 |
_aALEPH _b10 _c20130110 _lUCH01 _h1456 |
||
| 590 |
_aBATCH-UPD _b10 _c20130110 _lUCH01 _h0046 |
||
| 590 |
_aBATCH-UPD _b10 _c20130110 _lUCH01 _h1932 |
||
| 590 |
_aBATCH-UPD _b10 _c20130409 _lUCH01 _h2032 |
||
| 590 |
_aBATCH-UPD _b10 _c20130410 _lUCH01 _h1256 |
||
| 590 |
_aBATCH-UPD _b10 _c20130914 _lUCH01 _h0908 |
||
| 590 |
_aBATCH-UPD _b10 _c20140324 _lUCH01 _h1442 |
||
| 590 |
_aBATCH-UPD _b10 _c20141002 _lUCH01 _h0820 |
||
| 590 |
_aCONVERSION _b10 _c20130109 _lUCH01 _h1349 |
||
| 650 | 1 | 4 |
_aCenicilla polvorienta. _920972 |
| 650 | 1 | 4 |
_aFungicidas. _944044 |
| 650 | 1 | 4 |
_aRosas _xEnfermedades por hongos. _999968 |
| 650 | 1 | 4 |
_aRosas _xMéxico (Edo.) _999980 |
| 650 | 1 | 4 |
_aSphaerotheca pannosa. _9109209 |
| 856 |
_3Finding aid _uhttp://10.13.5.2/tesis/99727.pdf _zTeclea aqui |
||
| 901 | _aBK | ||
| 905 | _aMarco A. Mendoza T. | ||
| 942 | _cFOLL | ||
| 949 |
_aTesis _bBC _cTES _d33724000893509 _eTS2 _fc.2 _gDonaciØn _h41615 _i99727 _sb |
||
| 949 |
_aTesis _bBC _cTES _d997271 _eTS1 _gDonaciØn _h41614 _i99727 _sb |
||
| 999 |
_c88204 _d88204 |
||